|
|
|
|
| LEADER |
00000nam a2200000 a 4500 |
| 001 |
vtls008359288 |
| 003 |
SK-MaSNL |
| 005 |
20260301150843.0 |
| 008 |
230403s1966 xo slo |
| 015 |
|
|
|a SNBA1966/10-01779
|
| 035 |
|
|
|a SK01SNK19660051505
|
| 035 |
|
|
|a urn:nbn:sk:snk-amlqlm
|
| 035 |
|
|
|a urn:nbn:sk:snk-am00c136
|
| 035 |
|
|
|a 56749614-8A84-44F4-8B3B-23202419A85A
|
| 035 |
|
|
|a SKM000053968
|
| 040 |
|
|
|a SNK
|b slo
|c SNK
|e AACR2
|
| 041 |
0 |
|
|a slo
|
| 044 |
|
|
|a xo
|
| 080 |
|
|
|a 362.7+613.9(035)
|2 1981
|
| 080 |
|
|
|a 613.9(035)
|2 1981
|
| 100 |
1 |
|
|a Fabiánová, Hana
|4 aut
|9 280789
|
| 245 |
1 |
0 |
|a Metodika kurzov pre matky
|c Hana Fabiánová
|
| 250 |
|
|
|a 2. opr. a dopl. vyd.
|
| 260 |
|
|
|a Bratislava
|b Ústav zdravot. výchovy
|c 1966
|e Prievidza
|f Tlačiarne SNP
|
| 300 |
|
|
|a 78, [1] s.
|c 8°
|
| 490 |
1 |
|
|a Metodické príručky
|v zv. 25
|
| 563 |
|
|
|a 4000 výtl. Zadarmo
|
| 650 |
0 |
7 |
|a deti
|x zdravie
|x starostlivosť
|x kurzy zdravotnícke
|x príručky
|2 SNK
|9 508694
|
| 650 |
0 |
7 |
|a kurzy zdravotnícke
|x príručky
|2 SNK
|9 508695
|
| 655 |
|
7 |
|a príručky
|2 SNKPH
|9 74364
|
| 830 |
|
0 |
|a Metodické príručky
|9 285662
|
| 852 |
|
|
|a Slovenská národná knižnica
|
| 954 |
|
|
|a odborná, vedecká literatúra pôvodná (slovenská)
|2 lita
|
| 958 |
|
|
|a OND
|
| 958 |
|
|
|a TL
|
| 958 |
|
|
|a RK
|
| 958 |
|
|
|a MI
|
| 958 |
|
|
|a EUIPO
|
| 999 |
|
|
|c 784813
|d 786743
|
| 952 |
|
|
|a SNK
|b SNK
|y PREZ
|7 0
|p 17A0821919
|o snkSD 29991
|0 0
|1 0
|4 0
|d 2013-08-07
|f 1
|l 0
|r 2026-02-24 01:16:52
|w 2026-02-24
|
| 952 |
|
|
|a SNK
|b SNK
|y VYP
|7 0
|p 17A0606692
|o snkSD 29991 D1
|i snkKSP 6986/66
|0 0
|1 0
|4 0
|d 2009-01-15
|l 0
|r 2026-02-24 01:16:52
|w 2026-02-24
|